000 00624nam a2200229 i 4500
001 C2-0073095
003 PPAK
005 20190630222223.0
008 970429s1982 my |||| ||||| | may d
040 _aPPAK
_beng
_cPPAK
_erda
082 0 4 _a899.232
_223
090 0 0 _a899.232
_bWAN
_dKIH
100 0 _aWan Ahmad Ismail,
_eauthor
245 1 0 _aAwal tengah akhir :
_bsebuah kumpulan drama
264 1 _aTerengganu :
_bTamu Media Kreatif ,
_c1982
300 _af, 24 pages ;
_c19 cm
336 _2rdacontent
_atext
337 _2rdamedia
_aunmediated
338 _2rdacarrier
_avolume
700 _eauthor
942 _ddc
_cB
999 _c9815
_d9815